Città della Regione Pokémon di Hoenn nella Mappa - Statistics

Statistiche generali
  • Questo quiz è stato fatto 309 volte
    308 dall'ultimo reset
  • Il punteggio medio è 11 su 16
Risposte nella Mappa
Le risposte nella mappa del quiz sottostante sono codificate secondo una scala di colori dal rosso al verde in base alla % di persone che hanno risposto correttamente.
 
Statistiche sulle risposte
Risposta % Corretto
Albanova
90%
Ciclamipoli
73%
Forestopoli
73%
Orocea
73%
Bluruvia
72%
Ceneride
71%
Cuordilava
68%
Porto Alghepoli
68%
Ferrugipoli
67%
Iridopoli
67%
Petalipoli
66%
Verdeazzupoli
66%
Porto Selcepoli
65%
Solarosa
64%
Mentania
63%
Brunifoglia
58%
Nessun quiz corrispondente trovato
Distribuzione punteggi
Percentuale di utenti per punteggio
Percentile per numero di risposta
I tuoi punteggi nel tempo
Non hai fatto questo quiz dall'ultimo reset